书目信息 |
| 题名: |
中央帝国的军事密码
|
|
| 作者: | 郭建龙 著 | |
| 分册: | ||
| 出版信息: | 厦门 鹭江出版社 2019 |
|
| 页数: | 21,416页 | |
| 开本: | 23cm | |
| 丛书名: | ||
| 单 册: | ||
| 中图分类: | E291 | |
| 科图分类: | ||
| 主题词: | 战争史--中国--古代 | |
| 电子资源: | ||
| ISBN: | 978-7-5459-1612-6 | |
| 000 | 01024nam0 2200217 450 | |
| 001 | 2047158002 | |
| 005 | 20201106130559.32 | |
| 010 | @a978-7-5459-1612-6@b精装@dCNY78.00 | |
| 100 | @a20190926d2019 em y0chiy50 ea | |
| 101 | 0 | @achi |
| 102 | @aCN@b350000 | |
| 105 | @ay z 000yy | |
| 200 | 1 | @a中央帝国的军事密码@9zhong yang di guo de jun shi mi ma@f郭建龙著 |
| 210 | @a厦门@c鹭江出版社@d2019 | |
| 215 | @a21,416页@d23cm | |
| 330 | @a本书从山川地理出发,具体到古代历史上重大的战争和历史古迹,详细分析每一次中国古代战争背后的军事逻辑,对各朝代的兴衰和中国历史的走向如何产生影响,通过详尽而真实的叙述、珍贵而丰富的史料,让读者了解军事家们每一场战争的目的,最终理解历代战争中的战略问题。这是一本能看懂脉络的中国军事史,以浅显易懂的文字讲故事,以故事带动知识,在知识上不失专业性。作者历时多年实地考察,精心搜集各种资料,来展现战争的逻辑性,帮助人们理解战争这个宏大的题目。 | |
| 606 | 0 | @a战争史@y中国@z古代 |
| 690 | @aE291@v5 | |
| 701 | 0 | @a郭建龙@9guo jian long@4著 |
| 801 | @c20201003@aCN | |
| 905 | @aZUCC@dE291@eG803 | |
| 中央帝国的军事密码/郭建龙著.-厦门:鹭江出版社,2019 |
| 21,416页;23cm |
| ISBN 978-7-5459-1612-6(精装):CNY78.00 |
| 本书从山川地理出发,具体到古代历史上重大的战争和历史古迹,详细分析每一次中国古代战争背后的军事逻辑,对各朝代的兴衰和中国历史的走向如何产生影响,通过详尽而真实的叙述、珍贵而丰富的史料,让读者了解军事家们每一场战争的目的,最终理解历代战争中的战略问题。这是一本能看懂脉络的中国军事史,以浅显易懂的文字讲故事,以故事带动知识,在知识上不失专业性。作者历时多年实地考察,精心搜集各种资料,来展现战争的逻辑性,帮助人们理解战争这个宏大的题目。 |
| ● |
| 相关链接 |
|
|
|
正题名:中央帝国的军事密码
索取号:E291/G803
 
预约/预借
| 序号 | 登录号 | 条形码 | 馆藏地/架位号 | 状态 | 备注 |
| 1 | 1482180 | 214821807 | 社科库509/509社科库 118排1列6层/ [索取号:E291/G803] | 在馆 | |
| 2 | 1482181 | 214821816 | 社科库509/509社科库 118排1列6层/ [索取号:E291/G803] | 在馆 | |
| 3 | 1482182 | 214821825 | 社科库509/509社科库 118排1列6层/ [索取号:E291/G803] | 在馆 |